header

Science of marketing (Record no. 13105)

MARC details
000 -LEADER
fixed length control field 01196nam a2200313Ia 4500
082 04 - DEWEY DECIMAL CLASSIFICATION NUMBER
Classification number 658.8/72
100 1# - MAIN ENTRY--AUTHOR NAME
Personal name Zarrella, Dan.
245 10 - TITLE STATEMENT
Title Science of marketing
260 ## - PUBLICATION, DISTRIBUTION, ETC. (IMPRINT)
Place of publication Hoboken :
Name of publisher Wiley,
Year of publication c2013.
300 ## - PHYSICAL DESCRIPTION
Number of Pages ix, 194 p. :
Other physical details ill.
500 ## - GENERAL NOTE
General note Includes index.
650 #0 - SUBJECT ADDED ENTRY--TOPICAL TERM
Topical Term Internet marketing
Topical Term Social media.
856 40 - ELECTRONIC LOCATION AND ACCESS
Uniform Resource Identifier http://site.ebrary.com/lib/rucke/Doc?id=10687073

No items available.

© 2026 Rongo University
Contact us: librarian | system librarian | Rongo university